000
00265 a2200085 4500
020
_a
978-0500518489
100
_a
Veronika Kapsali
245
_a
Biomimicry for Designers: Applying Nature's Processes & Materials in the Real World
260
_b
Thames and Hudson
_c
2016
999
_c
13279
_d
13279